[Event "Catalunya-chT Gp1"]
[Site "Barcelona"]
[Date "2024.01.27"]
[Round "2.5"]
[White "Boix Moreno, Daniel"]
[Black "Lacasa Diaz, Jose Antonio"]
[Result "0-1"]
[WhiteElo "2253"]
[BlackElo "2338"]
[PlyCount "94"]
[EventDate "2024.01.20"]
[EventType "team-tourn"]
[EventRounds "7"]
[EventCountry "ESP"]
[SourceTitle "CB06_2024"]
[SourceDate "2024.02.07"]
[SourceVersion "1"]
[SourceVersionDate "2024.02.07"]
[SourceQuality "1"]
[WhiteTeam "Tres Peons"]
[BlackTeam "Mollet"]
[WhiteTeamCountry "ESP"]
[BlackTeamCountry "ESP"]

1. e4 c5 2. Nc3 g6 3. f4 Bg7 4. Nf3 Nc6 5. Bb5 Nd4 6. 0-0 Nxb5 7. Nxb5 d5 8. exd5 a6 9. Nc3 Nf6 10. d4 Nxd5 11. dxc5 Nxc3 12. Qxd8+ Kxd8 13. bxc3 Bxc3 14. Rb1 Kc7 15. Rb3 Bf6 16. Bd2 a5 17. Rfb1 Rd8 18. Rb5 Rd5 19. Bxa5+ Kd7 20. c4 Bd4+ 21. Kh1 Rxc5 22. Rxc5 Bxc5 23. Rd1+ Bd6 24. Bb4 Kc7 25. Bxd6+ exd6 26. Nd4 Bd7 27. Rd2 Ra3 28. Kg1 Rc3 29. Kf2 Rxc4 30. Ke3 Rc3+ 31. Rd3 Rxd3+ 32. Kxd3 Kb6 33. g3 Kc5 34. Nf3 h6 35. Kc3 Kd5 36. Nd2 Bf5 37. a3 Bd7 38. Kd3 Bb5+ 39. Ke3 f5 40. Nf3 Kc4 41. Nd4 Bd7 42. Ne2 Kb3 43. Kd4 Bc6 44. Nc1+ Kxa3 45. Kc3 Be4 46. Nb3 b5 47. Nd4 b4+ 0-1

[Event "Catalunya-chT Gp2"]
[Site "Barcelona"]
[Date "2022.02.12"]
[Round "4.3"]
[White "Garcia Ramos, Daniel"]
[Black "Boix Moreno, Daniel"]
[Result "1/2-1/2"]
[WhiteElo "2438"]
[BlackElo "2305"]
[PlyCount "130"]
[EventDate "2022.01.22"]
[EventType "team-tourn"]
[EventRounds "9"]
[EventCountry "ESP"]
[SourceTitle "CBM 208 Extra"]
[Source "ChessBase"]
[SourceDate "2022.07.31"]
[SourceVersion "1"]
[SourceVersionDate "2022.07.31"]
[SourceQuality "1"]
[WhiteTeam "Colon Sabadell"]
[BlackTeam "Tres Peons"]
[WhiteTeamCountry "ESP"]
[BlackTeamCountry "ESP"]

1. c4 g6 2. Nf3 Bg7 3. d4 Nf6 4. g3 0-0 5. Bg2 d6 6. 0-0 Nc6 7. Nc3 Bg4 8. d5 Na5 9. Nd2 c5 10. Qc2 a6 11. Re1 Bd7 12. a4 e5 13. Rb1 Ne8 14. b4 cxb4 15. Rxb4 Rc8 16. Ba3 Rc7 17. Qd3 f5 18. Rc1 Qc8 19. e4 Bh6 20. Ncb1 b5 21. axb5 axb5 22. Rc3 bxc4 23. Nxc4 Nxc4 24. Rbxc4 Rxc4 25. Qxc4 Qb8 26. Rb3 Qa7 27. Nc3 f4 28. Nd1 Ba4 29. Bh3 Bxb3 30. Qxb3 fxg3 31. hxg3 Qd4 32. Be6+ Kh8 33. Qc2 Bg5 34. Bb2 Qa7 35. Kg2 Ng7 36. Qc6 Be7 37. Ne3 Qa2 38. Qc2 Bg5 39. Bxe5 Qxc2 40. Bxg7+ Kxg7 41. Nxc2 Rb8 42. Bg4 Rb2 43. Nd4 Be3 44. Ne2 h5 45. Bf3 Bc5 46. g4 h4 47. g5 Rd2 48. Bg4 h3+ 49. Kxh3 Bxf2 50. Bf3 Be3 51. Kg4 Rd1 52. Bg2 Ra1 53. Nf4 Rg1 54. Ne6+ Kg8 55. Kf3 Re1 56. Bh3 Bc1 57. Bg2 Bd2 58. Kf2 Bc3 59. Bf3 Ra1 60. Be2 Ra2 61. Kf3 Be5 62. Bb5 Ra3+ 63. Kf2 Ra2+ 64. Kf3 Ra3+ 65. Kf2 Ra2+ 1/2-1/2

[Event "Catalunya-chT Final A+B"]
[Site "Barcelona"]
[Date "2020.03.07"]
[Round "8.2"]
[White "Cruz, Jonathan"]
[Black "Boix Moreno, Daniel"]
[Result "1-0"]
[WhiteElo "2387"]
[BlackElo "2255"]
[PlyCount "63"]
[EventDate "2020.03.07"]
[EventType "team-tourn"]
[EventRounds "11"]
[EventCountry "ESP"]
[SourceTitle "EXT 2023"]
[Source "ChessBase"]
[SourceDate "2022.10.05"]
[SourceVersion "1"]
[SourceVersionDate "2022.10.05"]
[SourceQuality "1"]
[WhiteTeam "Sant Andreu"]
[BlackTeam "Tres Peons"]
[WhiteTeamCountry "ESP"]
[BlackTeamCountry "ESP"]

1. e4 c5 2. Nc3 Nc6 3. f4 g6 4. Nf3 Bg7 5. Bb5 Nd4 6. Ba4 Qa5 7. Bb3 Nxb3 8. cxb3 d6 9. 0-0 Nh6 10. Qe1 Qd8 11. d3 f5 12. h3 Nf7 13. Be3 0-0 14. Rd1 b5 15. exf5 Bxf5 16. Nxb5 Bxb2 17. Qe2 Bg7 18. d4 a6 19. Na3 cxd4 20. Bxd4 Bh6 21. Nc4 Rb8 22. Nh4 Bd7 23. Ba1 e5 24. Qe1 Re8 25. fxe5 Nxe5 26. Qf2 Rf8 27. Qd4 Bg7 28. Qd5+ Kh8 29. Rxf8+ Qxf8 30. Nxe5 dxe5 31. Qxd7 Bf6 32. Qe6 1-0

[Event "Catalunya-chT Gp1"]
[Site "Barcelona"]
[Date "2020.02.01"]
[Round "3.2"]
[White "Jerez Perez, Alfonso"]
[Black "Boix Moreno, Daniel"]
[Result "1/2-1/2"]
[WhiteElo "2387"]
[BlackElo "2255"]
[PlyCount "130"]
[EventDate "2020.01.18"]
[EventType "team-tourn"]
[EventRounds "7"]
[EventCountry "ESP"]
[SourceTitle "CBM 194 Extra"]
[Source "ChessBase"]
[SourceDate "2020.03.31"]
[SourceVersion "1"]
[SourceVersionDate "2020.03.31"]
[SourceQuality "1"]
[WhiteTeam "Foment Martinenc"]
[BlackTeam "Tres Peons"]
[WhiteTeamCountry "ESP"]
[BlackTeamCountry "ESP"]

1. e4 c5 2. c3 d5 3. exd5 Qxd5 4. d4 Nf6 5. Nf3 e6 6. Bd3 Be7 7. 0-0 0-0 8. Qe2 cxd4 9. Nxd4 Nc6 10. Nxc6 Qxc6 11. Bg5 h6 12. Bh4 Rd8 13. c4 Rd4 14. Bg3 b6 15. Nc3 Bb7 16. f3 Rad8 17. Rfd1 Qd7 18. Bc2 Ba6 19. Bb3 Qc8 20. Rxd4 Rxd4 21. Nb5 Bxb5 22. cxb5 Qd7 23. Be1 Bb4 24. Bf2 Rd2 25. Qc4 Bd6 26. Be3 Rd3 27. Bf2 Be5 28. Rb1 Bd4 29. Bxd4 Rxd4 30. Qc3 Rd3 31. Qc4 Rd5 32. a4 Rc5 33. Qb4 Qd3 34. Re1 Nd5 35. Bxd5 Qxd5 36. Qe4 Qxe4 37. Rxe4 Rc1+ 38. Kf2 Rc2+ 39. Kg3 Rxb2 40. Rc4 Ra2 41. Rc8+ Kh7 42. Rc7 Rxa4 43. Rxf7 Kg6 44. Rc7 Ra2 45. h4 Kf6 46. h5 Rb2 47. Rxa7 Rxb5 48. Rb7 Rb2 49. Kh3 b5 50. g3 b4 51. Kg4 Rb1 52. f4 b3 53. Kf3 b2 54. Kg2 Kf5 55. Kh2 Ke4 56. Kg2 Kf5 57. Kh2 Kf6 58. Kg2 g6 59. hxg6 Kxg6 60. Rb5 Kf6 61. Kh2 Ke7 62. Kg2 Kd6 63. Rb8 Kd5 64. Rb7 Ke4 65. Rb6 Kf5 1/2-1/2

[Event "Barcelona Vila de Gracia op 23rd"]
[Site "Barcelona"]
[Date "2019.11.01"]
[Round "3"]
[White "Boix Moreno, Daniel"]
[Black "Comellas Blanchart, Jordi"]
[Result "0-1"]
[WhiteElo "2277"]
[BlackElo "2048"]
[PlyCount "76"]
[EventDate "2019.10.11"]
[EventType "swiss"]
[EventRounds "9"]
[EventCountry "ESP"]
[SourceTitle "CBM 194 Extra"]
[Source "ChessBase"]
[SourceDate "2020.03.31"]
[SourceVersion "1"]
[SourceVersionDate "2020.03.31"]
[SourceQuality "1"]

1. e4 c5 2. Nf3 d6 3. d4 cxd4 4. Nxd4 Nf6 5. Nc3 a6 6. Nb3 e6 7. g4 Nc6 8. Bg2 Be7 9. Qe2 Qc7 10. g5 Nd7 11. f4 b5 12. a3 Rb8 13. 0-0 Nc5 14. Be3 b4 15. axb4 Rxb4 16. Nxc5 dxc5 17. Na4 Nd4 18. Qf2 Bd7 19. Nxc5 Bxc5 20. c3 Ne2+ 21. Qxe2 Bxe3+ 22. Qxe3 Rxb2 23. Rxa6 0-0 24. Ra7 Qc6 25. Qd4 Bc8 26. h4 Rc2 27. Rf3 Bb7 28. Rg3 Qc8 29. Qb6 Ba8 30. Rc7 Qd8 31. Qc5 Bxe4 32. Qe5 Bxg2 33. Rxg2 Qd1+ 34. Kh2 Rd8 35. Qe4 Rc1 36. Ra7 Qh1+ 37. Kg3 Rxc3+ 38. Kg4 Qh3+ 0-1

[Event "Catalunya-chT GpA final"]
[Site "Barcelona"]
[Date "2018.04.14"]
[Round "4.3"]
[White "Dominguez Pons, Eric"]
[Black "Boix Moreno, Daniel"]
[Result "1/2-1/2"]
[WhiteElo "2387"]
[BlackElo "2237"]
[PlyCount "89"]
[EventDate "2018.03.10"]
[EventType "team-tourn"]
[EventRounds "4"]
[EventCountry "ESP"]
[SourceTitle "EXT 2019"]
[Source "ChessBase"]
[SourceDate "2018.10.10"]
[SourceVersion "1"]
[SourceVersionDate "2018.10.10"]
[SourceQuality "1"]
[WhiteTeam "Sant Andreu"]
[BlackTeam "Tres Peons"]
[WhiteTeamCountry "ESP"]
[BlackTeamCountry "ESP"]

1. e4 c5 2. Nf3 d6 3. d4 cxd4 4. Qxd4 a6 5. c4 Nc6 6. Qd2 Nf6 7. Nc3 Bg4 8. Be2 g6 9. b3 Bg7 10. Bb2 0-0 11. 0-0 Qa5 12. Rad1 Rac8 13. Rfe1 e6 14. a3 Rfd8 15. Qe3 Qc5 16. Qc1 Bxf3 17. Bxf3 Qb6 18. Re3 e5 19. Red3 Nd4 20. Na4 Qc7 21. Bxd4 exd4 22. Rxd4 b5 23. Nc3 bxc4 24. Rxc4 Qb8 25. Nd5 Nxd5 26. exd5 Rxc4 27. Qxc4 Qb6 28. b4 Bb2 29. Qb3 Bd4 30. Qc2 Kg7 31. h4 h5 32. g3 Ra8 33. Rd2 a5 34. Qc4 Be5 35. Qc6 Qd8 36. Rc2 axb4 37. axb4 Ra3 38. Bg2 Qf6 39. Qc4 Bd4 40. Rd2 Ra1+ 41. Bf1 Bb6 42. Qd3 Rc1 43. Kg2 Rc3 44. Qe4 Rc1 45. Qd3 1/2-1/2

[Event "Catalunya-chT Gp1"]
[Site "Barcelona"]
[Date "2018.02.03"]
[Round "3.4"]
[White "Boix Moreno, Daniel"]
[Black "Busquets Prat, Rafael"]
[Result "1/2-1/2"]
[WhiteElo "2237"]
[BlackElo "2248"]
[PlyCount "98"]
[EventDate "2018.01.20"]
[EventType "team-tourn"]
[EventRounds "7"]
[EventCountry "ESP"]
[SourceTitle "CBM 182 Extra"]
[Source "ChessBase"]
[SourceDate "2018.02.23"]
[SourceVersion "1"]
[SourceVersionDate "2018.02.23"]
[SourceQuality "1"]
[WhiteTeam "Tres Peons"]
[BlackTeam "Olot"]
[WhiteTeamCountry "ESP"]
[BlackTeamCountry "ESP"]

1. e4 c5 2. Nf3 Nc6 3. Bb5 g6 4. 0-0 Bg7 5. Re1 Nf6 6. e5 Nd5 7. Nc3 Nxc3 8. dxc3 0-0 9. Bg5 a6 10. Bxc6 bxc6 11. Qd2 f6 12. exf6 Bxf6 13. Bxf6 Rxf6 14. Qe3 e6 15. Qxc5 Rb8 16. b3 d6 17. Rad1 e5 18. Qxe5 Bg4 19. Qe7 Bxf3 20. gxf3 Qf8 21. Re3 Rb5 22. Qxf8+ Kxf8 23. Rd4 Ra5 24. a4 Rg5+ 25. Rg4 Rd5 26. Rge4 Rf7 27. Kg2 Rd2 28. Re2 Rd5 29. Re8+ Kg7 30. R8e7 Rg5+ 31. Kh1 Rgf5 32. Rxf7+ Kxf7 33. Re3 Kf6 34. h3 h6 35. Kh2 Kf7 36. f4 Rxf4 37. Kg3 Rf5 38. Rf3 Ke6 39. Rxf5 Kxf5 40. Kf3 d5 41. a5 g5 42. Kg3 h5 43. h4 g4 44. f3 gxf3 45. Kxf3 Ke5 46. Ke3 Kf5 47. Kf3 Ke5 48. Ke3 Kf5 49. Kf3 Ke5 1/2-1/2

[Event "La Pobla de Lillet op 27th"]
[Site "La Pobla de Lillet"]
[Date "2017.??.??"]
[Round "7"]
[White "Boix Moreno, Daniel"]
[Black "Prats Rodriguez, Juan Bosco"]
[Result "1/2-1/2"]
[WhiteElo "2271"]
[BlackElo "1937"]
[PlyCount "116"]
[EventDate "2017.08.01"]
[EventType "tourn"]
[EventRounds "9"]
[EventCountry "ESP"]
[SourceTitle "CBM 179 Extra"]
[Source "ChessBase"]
[SourceDate "2017.08.23"]
[SourceVersion "1"]
[SourceVersionDate "2017.08.23"]
[SourceQuality "1"]

1. e4 d6 2. d4 Nf6 3. Nc3 g6 4. Be3 a6 5. h3 Bg7 6. f4 0-0 7. Nf3 e6 8. Bd3 Nc6 9. 0-0 Ne7 10. Qe2 b5 11. Bf2 Bb7 12. Bh4 c5 13. dxc5 dxc5 14. e5 Nfd5 15. Nxd5 exd5 16. f5 c4 17. f6 cxd3 18. cxd3 Qb6+ 19. Bf2 d4 20. fxg7 Kxg7 21. Nxd4 Qd8 22. Nf3 Nf5 23. g4 Ne7 24. Bc5 h6 25. Qf2 Kh7 26. Qh4 Bxf3 27. Bxe7 Qxd3 28. Bxf8 Rxf8 29. Qg3 Qd4+ 30. Qf2 Qxf2+ 31. Rxf2 Bd5 32. a3 Re8 33. Re1 Rc8 34. Rd2 Be6 35. Kf2 a5 36. Kg3 b4 37. Re3 Rc5 38. axb4 axb4 39. Rd4 b3 40. Rdd3 Kg7 41. Rc3 Ra5 42. Rc6 Rb5 43. Kf2 Rd5 44. Rxe6 fxe6 45. Rxb3 Rxe5 46. Re3 Rb5 47. b3 Kf6 48. Ke2 e5 49. Kd2 Kg5 50. Rc3 h5 51. gxh5 gxh5 52. Ke3 Kf5 53. Kf3 Rb4 54. Ke2 Kg5 55. Rg3+ Kf4 56. Rf3+ Ke4 57. Re3+ Kf4 58. Rf3+ Ke4 1/2-1/2

[Event "Catalunya-chT Gp2 final"]
[Site "Barcelona"]
[Date "2016.04.09"]
[Round "3.2"]
[White "Boix Moreno, Daniel"]
[Black "Uribe Arteaga, Daniel"]
[Result "0-1"]
[WhiteElo "2261"]
[BlackElo "2227"]
[PlyCount "80"]
[EventDate "2016.03.12"]
[EventType "team-tourn"]
[EventRounds "4"]
[EventCountry "ESP"]
[SourceTitle "EXT 2017"]
[Source "ChessBase"]
[SourceDate "2016.10.25"]
[SourceVersion "1"]
[SourceVersionDate "2016.10.25"]
[SourceQuality "1"]
[WhiteTeam "Tres Peons"]
[BlackTeam "Montcada"]
[WhiteTeamCountry "ESP"]
[BlackTeamCountry "ESP"]

1. e4 g6 2. d4 Bg7 3. Nc3 c6 4. f4 d5 5. e5 Nh6 6. Nf3 Bg4 7. h3 Bxf3 8. Qxf3 f6 9. g4 0-0 10. Qg3 Qb6 11. Ne2 fxe5 12. dxe5 e6 13. Qb3 g5 14. Qxb6 axb6 15. Nd4 Re8 16. fxg5 Nf7 17. Bg2 Nxe5 18. 0-0 Nxg4 19. c3 Ne5 20. h4 Nd3 21. Bh3 Bxd4+ 22. cxd4 Nxc1 23. Raxc1 Nd7 24. Rce1 Nf8 25. h5 Rxa2 26. Rf4 Re7 27. Ref1 Ra8 28. h6 Rae8 29. Bg4 e5 30. Rf6 exd4 31. Bh5 Ng6 32. Bxg6 hxg6 33. Rxg6+ Kh7 34. Rgf6 d3 35. Kg2 d2 36. Rd1 Re2+ 37. Kf3 R8e7 38. Rh1 Rh2 39. g6+ Kxh6 40. Rxh2+ Kg7 0-1

[Event "Barcelona Sants op 17th"]
[Site "Barcelona"]
[Date "2015.08.29"]
[Round "9"]
[White "Aabling Thomsen, Jakob"]
[Black "Boix Moreno, Daniel"]
[Result "1/2-1/2"]
[WhiteElo "2333"]
[BlackElo "2253"]
[PlyCount "160"]
[EventDate "2015.08.21"]
[EventType "swiss"]
[EventRounds "10"]
[EventCountry "ESP"]
[SourceTitle "EXT 2016"]
[Source "ChessBase"]
[SourceDate "2015.10.08"]
[SourceVersion "1"]
[SourceVersionDate "2015.10.08"]
[SourceQuality "1"]

1. e4 c5 2. Nc3 Nc6 3. Bb5 Nd4 4. Bc4 e6 5. Nge2 Nf6 6. 0-0 Nc6 7. d3 a6 8. Bb3 b5 9. a4 b4 10. Nb1 Na5 11. Ba2 d5 12. exd5 Nxd5 13. Nf4 Nxf4 14. Bxf4 Bd6 15. Bxd6 Qxd6 16. Nd2 Bb7 17. Re1 0-0 18. Qg4 Rad8 19. Ne4 Bxe4 20. Qxe4 b3 21. cxb3 Qxd3 22. Qh4 Qd4 23. Qxd4 cxd4 24. b4 Nc6 25. b5 axb5 26. axb5 Nb4 27. Bb3 Rd6 28. Red1 e5 29. Re1 Nd3 30. Re2 Nc5 31. Bc4 Nd7 32. Ra6 Nb6 33. Bb3 Rc8 34. f3 Rc5 35. f4 d3 36. Rxe5 Rc1+ 37. Kf2 g6 38. Re1 d2 39. Rd1 Rc5 40. Ra5 Rc7 41. Ra6 Kg7 42. g3 Re7 43. Bc2 h6 44. Bb1 g5 45. f5 Re5 46. Bd3 Rxd3 47. Rxb6 Rxf5+ 48. Ke2 Rfd5 49. Rc6 R3d4 50. Rc2 Rxb5 51. Rdxd2 Rdb4 52. Kd1 h5 53. Kc1 h4 54. gxh4 Rxh4 55. Rc3 Kg6 56. Kc2 Rb6 57. h3 Rf4 58. b3 f5 59. Kb2 Rf1 60. Rd8 Rf2+ 61. Ka3 Ra6+ 62. Kb4 g4 63. Rg8+ Kf7 64. Rh8 Kg7 65. Rh4 gxh3 66. Rg3+ Rg6 67. Rgxh3 Rg4+ 68. Kc5 Rxh4 69. Rxh4 Kf6 70. b4 Ke5 71. Rc4 f4 72. b5 Rb2 73. b6 f3 74. Rc1 Kf4 75. Rc4+ Kg3 76. Rb4 Rxb4 77. Kxb4 f2 78. b7 f1Q 79. b8Q+ Qf4+ 80. Qxf4+ Kxf4 1/2-1/2

[Event "Catalunya-chT Gp1"]
[Site "Barcelona"]
[Date "2015.01.24"]
[Round "1.4"]
[White "Ayza Leon, David"]
[Black "Boix Moreno, Daniel"]
[Result "0-1"]
[WhiteElo "2202"]
[BlackElo "2242"]
[PlyCount "76"]
[EventDate "2015.01.24"]
[EventType "team-tourn"]
[EventRounds "7"]
[EventCountry "ESP"]
[SourceTitle "CBM 164 Extra"]
[Source "ChessBase"]
[SourceDate "2015.03.02"]
[SourceVersion "1"]
[SourceVersionDate "2015.03.02"]
[SourceQuality "1"]
[WhiteTeam "Peona I Peo"]
[BlackTeam "Tres Peons"]
[WhiteTeamCountry "ESP"]
[BlackTeamCountry "ESP"]

1. e4 c5 2. a3 g6 3. b4 Bg7 4. Nc3 d6 5. Bc4 Nf6 6. Rb1 cxb4 7. axb4 0-0 8. d3 Nxe4 9. Nxe4 d5 10. Bxd5 Qxd5 11. Ne2 f5 12. c4 Qd8 13. N4c3 e5 14. 0-0 Be6 15. Re1 Bf7 16. Ba3 Re8 17. Qc2 Nd7 18. Nb5 Bf8 19. Bc1 a6 20. Na3 Rc8 21. Qc3 b5 22. f4 Bg7 23. Bb2 Nb6 24. Rbd1 Na4 25. Qc2 Nxb2 26. Qxb2 exf4 27. Qb3 Qb6+ 28. Kf1 g5 29. Nc3 f3 30. gxf3 Qd6 31. Nd5 Qxh2 32. d4 Qh3+ 33. Kf2 bxc4 34. Qa4 Qh4+ 35. Kf1 Rxe1+ 36. Rxe1 Bxd5 37. Re8+ Rxe8 38. Qxe8+ Bf8 0-1